| 000 | 00606nam a22001577a 4500 | ||
|---|---|---|---|
| 003 | OSt | ||
| 005 | 20150914103232.0 | ||
| 008 | 150914b xxu||||| |||| 00| 0 eng d | ||
| 040 | _cRUA | ||
| 082 | _aAGR KAI 1998 B021 Or.1 | ||
| 100 |
_9440 _aKAING, CHANLEN. |
||
| 245 | _aEffect in corporation of legume residues on rice production ប្រសិទ្ធិភាពនៃការភ្ជួរលប់កាកសំណល់ពួកសណ្ដែកលើផលិតកម្មដំណាំស្រូវ | ||
| 260 |
_aPhnom Penh _bRUA _c1998 |
||
| 300 |
_a68p. _bill. _c1998 |
||
| 942 |
_2ddc _cAGR |
||
| 999 |
_c418 _d418 |
||